Most expensive football transfers - Defensive Midfielders - 2013-2014 - Statistics

General Stats
  • This quiz has been taken 13 times
  • The average score is 5 of 11
Answer Stats
Fee (M €) Nationality Left Joined Player % Correct
40,00 Brazil Shakhtar D. Manchester City Fernandinho
90%
25,00 Serbia Benfica Chelsea Nemanja Matic
90%
32,00 Spain Real Sociedad Real Madrid Asier Illarramendi
80%
16,00 Brazil Bayern Munich VfL Wolfsburg Luiz Gustavo
80%
14,50 Kenya Celtic Southampton Victor Wanyama
70%
20,00 Central African Republic / France Sevilla FC Monaco Geoffrey Kondogbia
60%
11,00 Brazil Grêmio Shakhtar D. Fernando
20%
11,00 France Toulouse Tottenham Étienne Capoue
10%
15,00 Russia Anzhi Dinamo Moscow Igor Denisov
10%
15,00 Russia Zenit S-Pb Anzhi Igor Denisov
10%
12,00 France Anzhi Lokomotiv Moscow Lassana Diarra
10%
No matching quizzes found
Score Distribution
Percent of People with Each Score
Percentile by Number Answered
Your Score History
You have not taken this quiz